[Event "4NCL Division One"]
[Site "Warwick, ENG"]
[Date "2023.02.11"]
[Round "5.66"]
[White "Murray, David"]
[Black "McDonald, Neil"]
[Result "1/2-1/2"]
[WhiteElo "2140"]
[BlackElo "2409"]
[PlyCount "115"]
[EventDate "2023.02.11"]
[WhiteTeam "Gonzaga"]
[BlackTeam "Wood Green"]

1. e4 e6 2. d4 d5 3. Nc3 Nf6 4. Bg5 Bb4 5. e5 h6 6. Bh4 g5 7. Bg3 Ne4 8. Nge2
f5 9. exf6 Qxf6 10. Qd3 Nc6 11. a3 Bxc3+ 12. Nxc3 Nxg3 13. Qxg3 Nxd4 14. O-O-O
c5 15. Kb1 Qf4 16. Qh3 Bd7 17. Ne2 Nxe2 18. Bxe2 O-O-O 19. Bg4 Kb8 20. Rhe1
Qxf2 21. Re2 Qf4 22. Bxe6 Bb5 23. Red2 d4 24. Qb3 Bc6 25. g3 Qe5 26. Bc4 Rhe8
27. Qd3 Be4 28. Qf1 Qd6 29. Rf2 Rf8 30. Rdd2 g4 31. Rde2 Rxf2 32. Rxf2 Bf3 33.
Qe1 a6 34. a4 Ka7 35. Rf1 Qc6 36. a5 Re8 37. Qd2 Re5 38. Re1 Qc7 39. b3 Qe7 40.
Rxe5 Qxe5 41. Bd3 h5 42. Kb2 Bc6 43. Qh6 c4 44. bxc4 Qxa5 45. Qd6 Qc3+ 46. Ka2
a5 47. Qc5+ Ka6 48. Qxh5 Qb4 49. Qxg4 Qa4+ 50. Kb2 Qb4+ 51. Ka2 Qa4+ 52. Kb2
Qb4+ 53. Kc1 Qc3 54. Kb1 a4 55. Qf4 a3 56. Qc1 Ba4 57. Ka2 Bb3+ 58. Kxa3
1/2-1/2

[Event "4NCL Division One"]
[Site "Warwick, ENG"]
[Date "2023.02.11"]
[Round "5.67"]
[White "Toma, Katarzyna"]
[Black "Bourached, Anthony"]
[Result "1-0"]
[WhiteElo "2372"]
[BlackElo "2200"]
[PlyCount "57"]
[EventDate "2023.02.11"]
[WhiteTeam "Wood Green"]
[BlackTeam "Gonzaga"]

1. e4 c6 2. d4 d5 3. exd5 cxd5 4. Bd3 Nc6 5. c3 Qc7 6. Ne2 e6 7. Bf4 Bd6 8.
Bxd6 Qxd6 9. Nd2 Nge7 10. O-O O-O 11. f4 Bd7 12. Rf3 Rae8 13. Qe1 Ng6 14. Rh3
Nce7 15. Nf3 f6 16. Rh5 Nf5 17. Qd2 Qe7 18. Re1 Qf7 19. Ng3 Nxg3 20. hxg3 h6
21. Rh2 f5 22. g4 Bc8 23. g5 h5 24. Kf2 Qc7 25. g3 h4 26. Nxh4 Kf7 27. Nxg6
Kxg6 28. Reh1 Qd8 29. Be2 1-0

[Event "4NCL Division One"]
[Site "Warwick, ENG"]
[Date "2023.02.11"]
[Round "5.68"]
[White "Mirza, Diana"]
[Black "Haydon, David L"]
[Result "0-1"]
[WhiteElo "1904"]
[BlackElo "2379"]
[PlyCount "84"]
[EventDate "2023.02.11"]
[WhiteTeam "Gonzaga"]
[BlackTeam "Wood Green"]

1. e4 Nf6 2. e5 Nd5 3. c4 Nb6 4. d4 d6 5. exd6 cxd6 6. Nf3 g6 7. b3 Bg7 8. Bb2
Nc6 9. Be2 O-O 10. O-O Bf5 11. Nc3 e5 12. d5 Nd4 13. Qd2 Nxe2+ 14. Nxe2 Bg4 15.
Ne1 Bxe2 16. Qxe2 f5 17. f4 exf4 18. Bxg7 Kxg7 19. Qb2+ Qf6 20. Qxf6+ Kxf6 21.
Rxf4 Rae8 22. Nc2 Nd7 23. Raf1 Re2 24. R4f2 Rfe8 25. Nd4 Rxf2 26. Kxf2 Nc5 27.
Kg1 a6 28. b4 Nd3 29. Ne6 Rc8 30. c5 dxc5 31. bxc5 Nxc5 32. Rc1 b6 33. Nf4 Rd8
34. Rb1 Rd6 35. h4 h6 36. h5 g5 37. Ng6 Ne4 38. Rc1 Rxd5 39. Rc6+ Rd6 40. Rc8
g4 41. Rf8+ Kg5 42. Ne7 Rd1+ 0-1

[Event "4NCL Division One"]
[Site "Warwick, ENG"]
[Date "2023.02.12"]
[Round "6.11"]
[White "Delaney, Killian"]
[Black "Williams, Simon K"]
[Result "1/2-1/2"]
[WhiteElo "2294"]
[BlackElo "2467"]
[PlyCount "105"]
[EventDate "2023.02.12"]
[WhiteTeam "Gonzaga"]
[BlackTeam "Cheddleton"]

1. e4 c5 2. Nf3 d6 3. c3 Nf6 4. Be2 Bd7 5. e5 dxe5 6. Nxe5 Nc6 7. Nxd7 Qxd7 8.
O-O e6 9. d3 Be7 10. Nd2 O-O 11. Ne4 Rad8 12. Be3 b6 13. Nxf6+ Bxf6 14. Qc2 Rc8
15. Rad1 Nd4 16. cxd4 cxd4 17. Qb3 dxe3 18. fxe3 Qd5 19. Qxd5 exd5 20. d4 Bg5
21. Rd3 Rfe8 22. Kf2 Rc2 23. Rb3 Re6 24. Rd1 f5 25. Re1 f4 26. Kf1 Bh4 27. Rb1
fxe3 28. g3 Be7 29. Ke1 Kf8 30. a3 Rh6 31. h4 Re6 32. Bg4 Rf6 33. Rxe3 Rff2 34.
Rf3+ Rxf3 35. Bxf3 Bd6 36. g4 Bg3+ 37. Kd1 Rc4 38. Ke2 Bxh4 39. Rd1 Bg5 40.
Bxd5 Rc2+ 41. Kd3 Rxb2 42. Rf1+ Ke7 43. Bg8 Kd6 44. Rf7 Rb3+ 45. Kc4 Rxa3 46.
Rxg7 h6 47. Rg6+ Ke7 48. d5 Bf4 49. Kb5 Kd7 50. Rg7+ Kd6 51. Rg6+ Kc7 52. Rg7+
Kb8 53. Rd7 1/2-1/2

[Event "4NCL Division One"]
[Site "Warwick, ENG"]
[Date "2023.02.12"]
[Round "6.12"]
[White "Hebden, Mark L"]
[Black "Bourached, Anthony"]
[Result "1-0"]
[WhiteElo "2448"]
[BlackElo "2200"]
[PlyCount "47"]
[EventDate "2023.02.12"]
[WhiteTeam "Cheddleton"]
[BlackTeam "Gonzaga"]

1. d4 d5 2. Nf3 Nf6 3. c4 dxc4 4. e3 e6 5. Bxc4 c5 6. O-O Nc6 7. Qe2 a6 8. Bb3
b5 9. a4 Rb8 10. axb5 axb5 11. dxc5 Bxc5 12. Nc3 Qb6 13. Bd2 O-O 14. Rfc1 Bd7
15. Ng5 Be7 16. Nce4 Nd5 17. Nf3 Rfd8 18. h4 b4 19. Ra6 Qb5 20. Qxb5 Rxb5 21.
Raxc6 Bxc6 22. Rxc6 h6 23. Nd4 Ra5 24. Rc1 1-0

[Event "4NCL Division One"]
[Site "Warwick, ENG"]
[Date "2023.02.12"]
[Round "6.13"]
[White "Freeman, Gordon"]
[Black "Eggleston, David J"]
[Result "1/2-1/2"]
[WhiteElo "2218"]
[BlackElo "2359"]
[PlyCount "96"]
[EventDate "2023.02.12"]
[WhiteTeam "Gonzaga"]
[BlackTeam "Cheddleton"]

1. d4 Nf6 2. Nf3 e6 3. g3 d5 4. Bg2 Be7 5. c4 O-O 6. O-O dxc4 7. Qc2 b5 8. a4
b4 9. Qxc4 Bb7 10. Bg5 Bd5 11. Qc2 Nbd7 12. Nbd2 c5 13. Bxf6 Bxf6 14. e4 Bb7
15. dxc5 Rc8 16. Nb3 Be7 17. Rfd1 Qc7 18. c6 Nb8 19. Nfd4 Nxc6 20. Nxc6 Bxc6
21. Nd4 Bd7 22. Qxc7 Rxc7 23. Nb5 Bxb5 24. axb5 Rb8 25. Bf1 Rc2 26. Rdc1 Rxc1
27. Rxc1 Rb7 28. Rc8+ Bf8 29. b3 g6 30. Rd8 Kg7 31. Bc4 Bc5 32. Kg2 Bb6 33. Rd3
g5 34. f4 h6 35. h3 Rc7 36. Kf3 Kf6 37. Rd1 gxf4 38. gxf4 Ke7 39. f5 Rc8 40.
Rd2 Kf6 41. Rd7 Rc7 42. fxe6 fxe6 43. Rd6 Re7 44. Kf4 Bd4 45. Rc6 Bc3 46. Ke3
Ke5 47. Rc5+ Kf6 48. Rc6 Ke5 1/2-1/2

[Event "4NCL Division One"]
[Site "Warwick, ENG"]
[Date "2023.02.12"]
[Round "6.14"]
[White "Kirk, Ezra"]
[Black "Wall, Gavin"]
[Result "1-0"]
[WhiteElo "2432"]
[BlackElo "2286"]
[PlyCount "63"]
[EventDate "2023.02.12"]
[WhiteTeam "Cheddleton"]
[BlackTeam "Gonzaga"]

1. e4 e5 2. Nf3 Nc6 3. Bb5 a6 4. Ba4 d6 5. O-O Nge7 6. c3 Ng6 7. d4 Bd7 8. Bc2
Be7 9. a4 O-O 10. d5 Nb8 11. a5 f5 12. exf5 Bxf5 13. Bxf5 Rxf5 14. Nbd2 Nd7 15.
Ne4 Qf8 16. c4 c5 17. Rb1 b6 18. axb6 a5 19. b7 Ra7 20. Ra1 Qb8 21. Nfg5 Bxg5
22. Bxg5 Rxb7 23. Rxa5 Rxb2 24. Qa1 Ndf8 25. Ra6 Qb3 26. Be3 Nf4 27. Bxf4 exf4
28. Ra3 Qb6 29. Nxd6 Re5 30. Nb5 Ree2 31. Nc3 Rec2 32. Na4 1-0

[Event "4NCL Division One"]
[Site "Warwick, ENG"]
[Date "2023.02.12"]
[Round "6.15"]
[White "Venkatesan, Kavin"]
[Black "Arkell, Keith C"]
[Result "1/2-1/2"]
[WhiteElo "2152"]
[BlackElo "2406"]
[PlyCount "97"]
[EventDate "2023.02.12"]
[WhiteTeam "Gonzaga"]
[BlackTeam "Cheddleton"]

1. d4 Nf6 2. c4 e6 3. Nc3 Bb4 4. f3 c5 5. d5 Bxc3+ 6. bxc3 d6 7. e4 e5 8. Bd3
Nbd7 9. Ne2 h6 10. Ng3 Nf8 11. f4 exf4 12. Bxf4 Ng6 13. O-O Nxf4 14. Rxf4 h5
15. e5 dxe5 16. Qe2 Qe7 17. Re1 Bg4 18. Qxe5 Qxe5 19. Rxe5+ Kf8 20. h3 Bd7 21.
Ne4 Nxe4 22. Bxe4 Re8 23. Rxe8+ Kxe8 24. Bf5 Bxf5 25. Rxf5 Ke7 26. d6+ Ke6 27.
Rxc5 Kxd6 28. Rd5+ Kc6 29. Rf5 f6 30. h4 Re8 31. Rxh5 Re4 32. Rh7 Rxc4 33. Rxg7
Rxh4 34. Rf7 Rf4 35. g3 Rf5 36. Kg2 a5 37. g4 Rf4 38. Kg3 Rf1 39. Kg2 Rc1 40.
Rxf6+ Kb5 41. a4+ Kxa4 42. Rb6 Rc2+ 43. Kf1 Rxc3 44. Rxb7 Rc4 45. g5 Rg4 46.
Rg7 Kb5 47. Ke2 a4 48. Kd3 a3 49. Kc2 1/2-1/2

[Event "4NCL Division One"]
[Site "Warwick, ENG"]
[Date "2023.02.12"]
[Round "6.16"]
[White "Pert, Richard G"]
[Black "Murray, David"]
[Result "1-0"]
[WhiteElo "2411"]
[BlackElo "2140"]
[PlyCount "161"]
[EventDate "2023.02.12"]
[WhiteTeam "Cheddleton"]
[BlackTeam "Gonzaga"]

1. d4 Nf6 2. Nf3 g6 3. Bg5 Bg7 4. Nbd2 d5 5. e3 O-O 6. Bd3 c5 7. c3 Nbd7 8. Qe2
Re8 9. O-O e5 10. dxe5 Nxe5 11. Nxe5 Rxe5 12. f4 Re8 13. f5 Qd6 14. Rad1 Nd7
15. Ne4 dxe4 16. Bc4 Qf8 17. fxg6 hxg6 18. Rxf7 Qxf7 19. Bxf7+ Kxf7 20. Qc4+
Re6 21. Rf1+ Bf6 22. g4 Ke7 23. Bxf6+ Rxf6 24. Qxe4+ Kf7 25. Rd1 a5 26. g5 Rf5
27. Rd5 Rxd5 28. Qxd5+ Ke7 29. Qe4+ Kf7 30. Qf4+ Ke6 31. h4 Ra6 32. h5 gxh5 33.
g6 Nf6 34. Qc4+ Kf5 35. Qxc5+ Kxg6 36. Qxc8 Rb6 37. b3 a4 38. Qd8 Rc6 39. Qd3+
Kg5 40. e4 axb3 41. axb3 Kf4 42. Kg2 Nxe4 43. Qf3+ Ke5 44. Qxh5+ Kf4 45. Qh2+
Ke3 46. Qg1+ Kf4 47. Qc1+ Ke5 48. c4 Rg6+ 49. Kh2 Rg3 50. b4 Kd4 51. Qf4 Rc3
52. Qc7 Rxc4 53. Qxb7 Rc2+ 54. Kh3 Rc3+ 55. Kh4 Rb3 56. b5 Nc5 57. Qc6 Kc4 58.
b6 Rb5 59. Kg5 Rb1 60. Kg6 Rb3 61. Kf7 Rb2 62. Ke7 Re2+ 63. Kf7 Rf2+ 64. Kg8
Rb2 65. Qc7 Rb4 66. Kf7 Kd5 67. Kg6 Rb3 68. Kf5 Rf3+ 69. Kg4 Rb3 70. Kh4 Rb4+
71. Kg3 Rb3+ 72. Kf2 Rb2+ 73. Ke3 Rb3+ 74. Kd2 Rb2+ 75. Kc1 Nd3+ 76. Kd1 Nf2+
77. Ke1 Nd3+ 78. Kf1 Nc5 79. Qf7+ Ke4 80. Qc4+ Kf3 81. Qc3+ 1-0

[Event "4NCL Division One"]
[Site "Warwick, ENG"]
[Date "2023.02.12"]
[Round "6.17"]
[White "Thorarinsson, Pall A."]
[Black "Steil-Antoni, Fiona"]
[Result "1-0"]
[WhiteElo "2205"]
[BlackElo "2195"]
[PlyCount "97"]
[EventDate "2023.02.12"]
[WhiteTeam "Gonzaga"]
[BlackTeam "Cheddleton"]

1. d4 d6 2. Nf3 Bg4 3. e4 Nd7 4. h3 Bh5 5. Nc3 e5 6. d5 Ngf6 7. g4 Bg6 8. Qe2
c6 9. g5 Nh5 10. h4 Be7 11. Bh3 O-O 12. Be3 f6 13. O-O-O c5 14. gxf6 Ndxf6 15.
Ng5 Qa5 16. Rhg1 a6 17. Ne6 Rf7 18. Bf5 Bxf5 19. exf5 b5 20. Rg5 b4 21. Nb1 Nf4
22. Bxf4 exf4 23. Rxg7+ Rxg7 24. Nxg7 Ra7 25. Rg1 Kh8 26. Nh5 Nxh5 27. Qxh5 Qd8
28. Re1 Qg8 29. Nd2 Bf8 30. Qe8 Re7 31. Rxe7 Bxe7 32. Qxg8+ Kxg8 33. h5 Kg7 34.
Ne4 Kh6 35. Kd2 Kxh5 36. f3 Kh4 37. Ke2 h6 38. Kf2 Kh3 39. b3 Kh2 40. f6 Bf8
41. f7 Kh3 42. Nf6 Kh4 43. Nh7 Bg7 44. f8=Q Bxf8 45. Nxf8 Kg5 46. Kg2 Kf6 47.
Nd7+ Ke7 48. Nb6 Kf6 49. Nc4 1-0

[Event "4NCL Division One"]
[Site "Warwick, ENG"]
[Date "2023.02.12"]
[Round "6.18"]
[White "Boswell, Jacob Connor"]
[Black "Mirza, Diana"]
[Result "1-0"]
[WhiteElo "2108"]
[BlackElo "1904"]
[PlyCount "63"]
[EventDate "2023.02.12"]
[WhiteTeam "Cheddleton"]
[BlackTeam "Gonzaga"]

1. c4 c5 2. Nf3 Nc6 3. e3 g6 4. d4 cxd4 5. exd4 d5 6. cxd5 Qxd5 7. Nc3 Qa5 8.
d5 Nb8 9. Be2 Bg7 10. O-O Nh6 11. d6 Nf5 12. Nb5 Nxd6 13. Nxd6+ exd6 14. Qxd6
Qb6 15. Qa3 Nc6 16. Bc4 Be6 17. Bxe6 fxe6 18. Ng5 Nd4 19. Be3 e5 20. Bxd4 Qxd4
21. Qb3 O-O-O 22. Ne6 Qd7 23. Rac1+ Kb8 24. Rfd1 Qe7 25. Rxd8+ Rxd8 26. Nxd8
Qxd8 27. Qd1 Qxd1+ 28. Rxd1 Kc7 29. f3 Bf8 30. Kf2 Bc5+ 31. Ke2 Bd4 32. Rxd4
1-0

[Event "4NCL Division One"]
[Site "Warwick, ENG"]
[Date "2023.02.12"]
[Round "6.21"]
[White "Ansell, Simon T"]
[Black "Parligras, Mircea-Emilian"]
[Result "0-1"]
[WhiteElo "2429"]
[BlackElo "2565"]
[PlyCount "152"]
[EventDate "2023.02.12"]
[WhiteTeam "Blackthorne"]
[BlackTeam "Chess.com Manx Liberty"]

1. e4 c5 2. Nf3 d6 3. d4 cxd4 4. Qxd4 Nf6 5. Be2 g6 6. h3 Bg7 7. O-O O-O 8. Rd1
Be6 9. Qe3 Qb6 10. Qxb6 axb6 11. Nc3 Rc8 12. Bd3 Na6 13. a3 Nc5 14. Be3 Bd7 15.
Nd4 Bc6 16. Nxc6 bxc6 17. a4 Nfd7 18. Ra3 b5 19. b4 Nxa4 20. Nxa4 Rxa4 21. Rb3
Ne5 22. f4 Nc4 23. Bf2 Rca8 24. Kf1 Ra1 25. Rxa1 Rxa1+ 26. Ke2 Kf8 27. e5 Ke8
28. h4 h5 29. exd6 Nxd6 30. Bc5 Bf6 31. g3 Kd7 32. Kf3 Nc4 33. Ke2 e6 34. Be4
Ra3 35. Rxa3 Nxa3 36. Kd3 Nc4 37. Bf2 Be7 38. c3 f5 39. Bg2 Bd8 40. Ke2 Bc7 41.
Bd4 e5 42. fxe5 Nxe5 43. Bf2 Ng4 44. Be1 Be5 45. Kd3 Nf6 46. Bf3 Kd6 47. Bg2
Nd5 48. Bf3 Nf6 49. Bg2 Ne4 50. Bxe4 fxe4+ 51. Kxe4 Ke6 52. Ke3 Kd5 53. Kd3 Bd6
54. Bf2 Bc7 55. Be1 c5 56. bxc5 Kxc5 57. Bf2+ Kd5 58. Be1 Bb8 59. Bf2 Bd6 60.
Be1 Ke5 61. Ke3 Bc5+ 62. Kf3 Kd5 63. g4 hxg4+ 64. Kxg4 Be7 65. h5 gxh5+ 66.
Kxh5 Bf6 67. Kg6 Bh8 68. Bh4 Bxc3 69. Be7 Bd4 70. Kf5 Bc5 71. Bg5 b4 72. Bc1 b3
73. Bb2 Bd4 74. Ba3 Bc3 75. Kf4 Kd4 76. Kf3 Kd3 0-1

[Event "4NCL Division One"]
[Site "Warwick, ENG"]
[Date "2023.02.12"]
[Round "6.22"]
[White "Lupulescu, Constantin"]
[Black "Gormally, Daniel W"]
[Result "1/2-1/2"]
[WhiteElo "2592"]
[BlackElo "2450"]
[PlyCount "106"]
[EventDate "2023.02.12"]
[WhiteTeam "Chess.com Manx Liberty"]
[BlackTeam "Blackthorne"]

1. e4 c5 2. Nf3 d6 3. d4 cxd4 4. Nxd4 Nf6 5. Nc3 Nc6 6. Bb5 Bd7 7. Be3 a6 8.
Be2 Nxd4 9. Qxd4 e5 10. Qd2 h6 11. O-O-O Rc8 12. f3 Qa5 13. Kb1 Be7 14. g4 Be6
15. a3 Rxc3 16. Qxc3 Qxc3 17. bxc3 d5 18. exd5 Nxd5 19. Rd3 Bg5 20. Bxg5 hxg5
21. Bf1 b5 22. h3 Ke7 23. Rh2 Rc8 24. Kb2 Nb6 25. Re3 Kf6 26. h4 gxh4 27. Rxh4
Na4+ 28. Kc1 Nxc3 29. Rh5 g5 30. Bd3 a5 31. Rh6+ Kg7 32. Rh7+ Kf6 33. Rh6+ Kg7
34. Rh7+ Kf6 35. Re1 Rc5 36. Rh6+ Kg7 37. Rh7+ Kf6 38. Kd2 b4 39. Rh6+ Kg7 40.
Rh7+ Kf6 41. Rh6+ Kg7 42. axb4 axb4 43. Rh7+ Kf6 44. Rh6+ Kg7 45. Rh7+ Kf6 46.
Ra1 Rd5 47. Ra7 e4 48. fxe4 Nxe4+ 49. Ke3 Nd6 50. Rh6+ Ke5 51. Rh5 Kf6 52. Rh6+
Ke5 53. Rh5 Ne4 1/2-1/2

[Event "4NCL Division One"]
[Site "Warwick, ENG"]
[Date "2023.02.12"]
[Round "6.23"]
[White "Ledger, Andrew J"]
[Black "Cyborowski, Lukasz"]
[Result "1/2-1/2"]
[WhiteElo "2344"]
[BlackElo "2494"]
[PlyCount "42"]
[EventDate "2023.02.12"]
[WhiteTeam "Blackthorne"]
[BlackTeam "Chess.com Manx Liberty"]

1. d4 d5 2. c4 e6 3. Nf3 Nf6 4. Nc3 Be7 5. Bf4 O-O 6. e3 Nbd7 7. c5 Nh5 8. Bd3
c6 9. O-O Nxf4 10. exf4 b6 11. b4 Qc7 12. g3 a5 13. a3 Ba6 14. Bxa6 Rxa6 15.
Qe2 Raa8 16. Na4 Bf6 17. Nb2 axb4 18. axb4 Ra7 19. Nd3 Rfa8 20. Qb2 Qb7 21. Qc3
h6 1/2-1/2

[Event "4NCL Division One"]
[Site "Warwick, ENG"]
[Date "2023.02.12"]
[Round "6.24"]
[White "Jaracz, Pawel"]
[Black "Bates, Richard A"]
[Result "1-0"]
[WhiteElo "2463"]
[BlackElo "2422"]
[PlyCount "87"]
[EventDate "2023.02.12"]
[WhiteTeam "Chess.com Manx Liberty"]
[BlackTeam "Blackthorne"]

1. e4 c5 2. Nf3 d6 3. d4 cxd4 4. Nxd4 Nf6 5. Nc3 a6 6. Bg5 Nc6 7. Qd2 e6 8.
O-O-O h6 9. Nxc6 bxc6 10. Bf4 d5 11. Qe3 Be7 12. Be2 O-O 13. h4 Nh7 14. g4 Bxh4
15. Kb1 Bg5 16. Bxg5 Qxg5 17. f4 Qe7 18. g5 d4 19. Qxd4 e5 20. Qb6 exf4 21.
gxh6 Be6 22. hxg7 Rfb8 23. Qa5 c5 24. Rh5 Qb7 25. b3 Qb4 26. Qxc5 Qxc5 27. Rxc5
Kxg7 28. Rf1 a5 29. a4 Rc8 30. Rxc8 Rxc8 31. Kb2 Kf6 32. Rxf4+ Ke5 33. Rf1 Nf6
34. Ba6 Rh8 35. Bd3 Rh2 36. Rg1 Ng4 37. Be2 Nf2 38. Rg5+ Kd4 39. Rxa5 Rh3 40.
Nd5 Kxe4 41. Bf1 Rh2 42. Nc3+ Kf4 43. Rc5 Ng4 44. a5 1-0

[Event "4NCL Division One"]
[Site "Warwick, ENG"]
[Date "2023.02.12"]
[Round "6.25"]
[White "Webb, Laurence E"]
[Black "Galyas, Miklos"]
[Result "0-1"]
[WhiteElo "2274"]
[BlackElo "2434"]
[PlyCount "172"]
[EventDate "2023.02.12"]
[WhiteTeam "Blackthorne"]
[BlackTeam "Chess.com Manx Liberty"]

1. d4 d5 2. c4 e6 3. Nc3 a6 4. cxd5 exd5 5. Nf3 h6 6. Bf4 Nf6 7. e3 Bd6 8. Bg3
Bf5 9. Bd3 Bxd3 10. Qxd3 O-O 11. O-O Bxg3 12. hxg3 Nbd7 13. b4 c6 14. a4 b5 15.
a5 Qe7 16. Rab1 Ne4 17. Rfc1 Nd6 18. Qe2 Rfe8 19. Ne1 Nc4 20. Nd3 Qg5 21. Ne1
Nf6 22. Nf3 Qf5 23. Nd1 Ne4 24. Nb2 Nc3 25. Qd3 Qxd3 26. Nxd3 Nxb1 27. Rxb1 f6
28. Nc5 Kf7 29. g4 g5 30. g3 Rh8 31. Kg2 h5 32. gxh5 Rxh5 33. Re1 Nd6 34. Nd2
Rhh8 35. Rc1 Ra7 36. Nf3 Ke7 37. Re1 Kf7 38. Rc1 Rh6 39. Re1 Ke8 40. Rc1 Ke7
41. Rc2 Ra8 42. Rc1 Rh7 43. Rc2 Kd8 44. Nd2 Nc4 45. Nf3 Kc7 46. Nh2 Rah8 47.
Nxa6+ Kb7 48. Nc5+ Ka8 49. Nf3 Rh1 50. e4 dxe4 51. Nxe4 g4 52. Nh4 Rb1 53. Nxf6
Rxb4 54. Nxg4 Nxa5 55. Ng6 Rb8 56. N4e5 Rxd4 57. Ne7 Re8 58. N7xc6 Nxc6 59.
Nxc6 Rc4 60. Ra2+ Ra4 61. Rb2 Kb7 62. Nb4 Rd8 63. f4 Kb6 64. Na2 Ra3 65. Nc1
Rg8 66. Ne2 Ka5 67. f5 b4 68. Kh3 Ka4 69. Kh4 Ra1 70. g4 Rh1+ 71. Kg3 Ka3 72.
Rd2 b3 73. Rd7 b2 74. Ra7+ Kb3 75. Rb7+ Kc2 76. Nd4+ Kd3 77. Rxb2 Kxd4 78. Rb4+
Ke5 79. Kg2 Ra1 80. Kg3 Kf6 81. Kh4 Rh1+ 82. Kg3 Kg5 83. Kg2 Ra1 84. Kf3 Re8
85. Rb6 Ra3+ 86. Kf2 Kxg4 0-1

[Event "4NCL Division One"]
[Site "Warwick, ENG"]
[Date "2023.02.12"]
[Round "6.26"]
[White "Kolbus, Dietmar"]
[Black "Nelson, Jonathan P"]
[Result "1/2-1/2"]
[WhiteElo "2292"]
[BlackElo "2240"]
[PlyCount "47"]
[EventDate "2023.02.12"]
[WhiteTeam "Chess.com Manx Liberty"]
[BlackTeam "Blackthorne"]

1. c4 Nf6 2. d4 g6 3. Nc3 Bg7 4. e4 d6 5. f3 O-O 6. Be3 Nc6 7. Nge2 a6 8. Qd2
Rb8 9. Nc1 e5 10. Nb3 exd4 11. Nxd4 Nxd4 12. Bxd4 Be6 13. Be2 c6 14. Rd1 b5 15.
cxb5 axb5 16. b4 c5 17. bxc5 dxc5 18. Bxc5 Qxd2+ 19. Rxd2 Rfc8 20. Bb4 Rxc3 21.
Bxc3 Nxe4 22. Bxg7 Nxd2 23. Kxd2 Kxg7 24. a3 1/2-1/2

[Event "4NCL Division One"]
[Site "Warwick, ENG"]
[Date "2023.02.12"]
[Round "6.27"]
[White "Ledger, Dave J"]
[Black "Terbe, Julianna"]
[Result "1/2-1/2"]
[WhiteElo "2269"]
[BlackElo "2269"]
[PlyCount "102"]
[EventDate "2023.02.12"]
[WhiteTeam "Blackthorne"]
[BlackTeam "Chess.com Manx Liberty"]

1. d4 d5 2. c4 c6 3. Nf3 Nf6 4. Nc3 e6 5. e3 a6 6. c5 Nbd7 7. b4 g6 8. Bd3 Bg7
9. Bb2 O-O 10. h3 Qe7 11. O-O e5 12. dxe5 Nxe5 13. Nxe5 Qxe5 14. Qe2 Bf5 15.
Rad1 Bxd3 16. Rxd3 Qe7 17. Na4 Rfe8 18. Bd4 Nd7 19. Bxg7 Kxg7 20. Rd4 Qf6 21.
Qd2 Nf8 22. Nb6 Rad8 23. Rd1 Ne6 24. Rd3 Ng5 25. Qc2 Re4 26. Rd4 Rde8 27. a3
Rxd4 28. Rxd4 Re4 29. h4 Ne6 30. Rxe4 dxe4 31. Qxe4 Qa1+ 32. Kh2 Qb2 33. Kg3
Qxa3 34. Qe5+ Kg8 35. Nd7 Qxb4 36. Nf6+ Kf8 37. Nxh7+ Kg8 38. Nf6+ Kf8 39. h5
gxh5 40. Nd7+ Ke8 41. Nf6+ Kf8 42. Qxh5 a5 43. Nd7+ Ke7 44. Ne5 Qxc5 45. Qxf7+
Kd6 46. Ng4 b5 47. e4 Qc3+ 48. Kh2 Qh8+ 49. Kg1 Qa1+ 50. Kh2 Qh8+ 51. Kg1 Qa1+
1/2-1/2

[Event "4NCL Division One"]
[Site "Warwick, ENG"]
[Date "2023.02.12"]
[Round "6.28"]
[White "Magold, Victor"]
[Black "Varney, Zoe"]
[Result "1/2-1/2"]
[WhiteElo "2040"]
[BlackElo "2035"]
[PlyCount "110"]
[EventDate "2023.02.12"]
[WhiteTeam "Chess.com Manx Liberty"]
[BlackTeam "Blackthorne"]

1. d4 d5 2. c4 e6 3. Nf3 Nf6 4. Nc3 c5 5. cxd5 Nxd5 6. Nxd5 Qxd5 7. Be3 cxd4 8.
Qxd4 Qxd4 9. Bxd4 Bb4+ 10. Kd1 O-O 11. a3 Ba5 12. b4 Rd8 13. Kc2 Bc7 14. e3 Nc6
15. Bc3 b6 16. Be2 Bb7 17. Rhd1 Ne7 18. Rxd8+ Rxd8 19. Rd1 Rxd1 20. Kxd1 Be4
21. g3 Nd5 22. Bb2 Nf6 23. Nd2 Bb7 24. Kc2 Kf8 25. f3 Ke7 26. e4 g6 27. Bd3 h5
28. e5 Nd5 29. Be4 Ne3+ 30. Kd3 Bxe4+ 31. Kxe4 Nd5 32. b5 f5+ 33. exf6+ Nxf6+
34. Bxf6+ Kxf6 35. Nf1 g5 36. h3 Bd6 37. a4 h4 38. gxh4 gxh4 39. Ne3 Bg3 40. f4
Be1 41. Ng2 Bg3 42. Ne3 Be1 43. Nc4 Ke7 44. Kf3 Kd7 45. Kg4 Ke7 46. Kg5 Bg3 47.
Kg4 Be1 48. Kf3 Kd7 49. Ke3 Ke7 50. Ke2 Bg3 51. Kf3 Be1 52. Kg4 Kd7 53. Kh5 Bg3
54. Kg5 Ke7 55. Kg4 Be1 1/2-1/2

[Event "4NCL Division One"]
[Site "Warwick, ENG"]
[Date "2023.02.12"]
[Round "6.31"]
[White "Chow, Samuel"]
[Black "Makkar, Rajat"]
[Result "1-0"]
[WhiteElo "2392"]
[BlackElo "2425"]
[PlyCount "137"]
[EventDate "2023.02.12"]
[WhiteTeam "Chessable White Rose 2"]
[BlackTeam "The Sharks 1"]

1. d4 Nf6 2. c4 g6 3. Nc3 Bg7 4. e4 d6 5. Nf3 O-O 6. Be2 e5 7. Be3 Ng4 8. Bg5
f6 9. Bh4 Nc6 10. d5 Ne7 11. h3 Nh6 12. g4 Nf7 13. Nd2 c6 14. Qb3 a6 15. a4 Qa5
16. O-O c5 17. f3 Qc7 18. Kg2 Bh6 19. Qc2 f5 20. Bd3 fxg4 21. hxg4 Bf4 22. Ne2
g5 23. Nxf4 gxh4 24. Nh5 Ng6 25. Be2 Ng5 26. Nb3 Nf4+ 27. Nxf4 Rxf4 28. Nc1 Qg7
29. Nd3 Rf7 30. Kh1 Bd7 31. Qd2 a5 32. b3 Kh8 33. Qe3 Raf8 34. Rf2 Qg6 35. Raf1
b6 36. Kh2 Bc8 37. Bd1 Rf6 38. Be2 R8f7 39. Bd1 Kg8 40. Ne1 Kf8 41. Ng2 Qh6 42.
Qe1 h3 43. Ne3 Rf4 44. Nf5 Bxf5 45. gxf5 Rg7 46. Rc2 Qh5 47. Rc3 Nf7 48. Rc2
Qh6 49. Rg1 Rxg1 50. Qxg1 Ng5 51. Rc3 Qh5 52. Qf1 Qh4 53. Bc2 Qg4 54. Bd1 Qh4
55. Bc2 h5 56. Qe2 Nh7 57. Qe3 Nf6 58. Bd3 Rxf3 59. Qxf3 Ng4+ 60. Kh1 Nf2+ 61.
Kh2 Ng4+ 62. Kh1 Qe1+ 63. Bf1 Qd2 64. Qg3 Nf2+ 65. Kg1 h2+ 66. Qxh2 Qxc3 67.
Qxf2 Qxb3 68. Qd2 Qg3+ 69. Bg2 1-0

[Event "4NCL Division One"]
[Site "Warwick, ENG"]
[Date "2023.02.12"]
[Round "6.32"]
[White "Roberson, Peter T"]
[Black "Wall, Tim P"]
[Result "1-0"]
[WhiteElo "2494"]
[BlackElo "2337"]
[PlyCount "81"]
[EventDate "2023.02.12"]
[WhiteTeam "The Sharks 1"]
[BlackTeam "Chessable White Rose 2"]

1. e4 g6 2. d4 Bg7 3. Nc3 d6 4. Be3 a6 5. h4 h6 6. Qd2 b5 7. O-O-O Bb7 8. f3
Nd7 9. g4 Ngf6 10. Nh3 Nb6 11. a3 Nfd7 12. Kb1 c5 13. dxc5 dxc5 14. Nf4 e6 15.
Qe1 Rc8 16. Nd3 Qe7 17. Nc1 Ne5 18. Be2 Nec4 19. Bxc4 Nxc4 20. Nd3 O-O 21. Bc1
b4 22. axb4 cxb4 23. Na4 a5 24. Qf2 Qc7 25. g5 h5 26. Nac5 a4 27. Nxa4 Ra8 28.
b3 Ra5 29. e5 Bc6 30. f4 Bxa4 31. bxa4 Rxa4 32. Qc5 Rfa8 33. Bb2 Nxb2 34. Qxc7
Nxd1 35. Kc1 Ne3 36. Kd2 Nd5 37. Qb7 Bf8 38. f5 R8a7 39. Qb8 exf5 40. e6 fxe6
41. Qe8 1-0

[Event "4NCL Division One"]
[Site "Warwick, ENG"]
[Date "2023.02.12"]
[Round "6.33"]
[White "Walton, Alan J"]
[Black "Moreby, James"]
[Result "0-1"]
[WhiteElo "2170"]
[BlackElo "2421"]
[PlyCount "64"]
[EventDate "2023.02.12"]
[WhiteTeam "Chessable White Rose 2"]
[BlackTeam "The Sharks 1"]

1. d4 d5 2. c4 e6 3. Nc3 c6 4. e4 dxe4 5. Nxe4 Bb4+ 6. Bd2 Qxd4 7. Bxb4 Qxe4+
8. Be2 Na6 9. Bf8 Qxg2 10. Qd6 Bd7 11. O-O-O O-O-O 12. Qd4 e5 13. Qd2 Nf6 14.
Bf3 Qg6 15. Be7 e4 16. Bxd8 Rxd8 17. Be2 Qg2 18. c5 Nc7 19. Qa5 Kb8 20. Qc3
Qxf2 21. Qg3 Qxg3 22. hxg3 Ne6 23. Nh3 h6 24. b4 Nd5 25. a3 Nc3 26. Rde1 Nd4
27. Bc4 Bxh3 28. Rxh3 f5 29. Kb2 Nf3 30. Rc1 Nd1+ 31. Ka1 Ne3 32. Be6 Ng5 0-1

[Event "4NCL Division One"]
[Site "Warwick, ENG"]
[Date "2023.02.12"]
[Round "6.34"]
[White "Rendle, Thomas E"]
[Black "Townsend, M Paul"]
[Result "1/2-1/2"]
[WhiteElo "2449"]
[BlackElo "2238"]
[PlyCount "85"]
[EventDate "2023.02.12"]
[WhiteTeam "The Sharks 1"]
[BlackTeam "Chessable White Rose 2"]

1. d4 e6 2. c4 Nf6 3. g3 d5 4. Bg2 Be7 5. Nf3 O-O 6. O-O c6 7. Nc3 Nbd7 8. Qd3
b6 9. e4 Bb7 10. e5 dxc4 11. Qxc4 Nd5 12. Nxd5 cxd5 13. Qd3 Nb8 14. Rd1 Ba6 15.
Qe3 Nc6 16. Bd2 Rc8 17. h4 Na5 18. b3 Qd7 19. Bh3 Nc6 20. Qe1 Ba3 21. Bc1 Bxc1
22. Raxc1 Qe7 23. Qd2 Qa3 24. h5 h6 25. g4 Qe7 26. Rc3 Nb4 27. Rdc1 Rxc3 28.
Rxc3 Rc8 29. a3 Nc6 30. Qc1 Qd7 31. g5 Ne7 32. gxh6 Rxc3 33. Qxc3 gxh6 34. Qe3
Kh7 35. Nh2 Ng8 36. f4 Qd8 37. f5 exf5 38. Bxf5+ Kg7 39. Nf3 Bc8 40. Qf4 Bxf5
41. Qxf5 Qc7 42. Kg2 Qc6 43. Qg4+ 1/2-1/2